| 000 | 00609nam a2200169Ia 4500 | ||
|---|---|---|---|
| 003 | GCL | ||
| 008 | 140319s9999 xx 000 0 ara d | ||
| 040 |
_aGCL / _cGCL |
||
| 082 | 0 | 4 |
_a001.6404 _bم ك |
| 100 | 1 | _aمحمد السعيد خشبة | |
| 245 | 1 | 0 |
_aالكمبيوتر واساسيات علم الحاسب / _cمحمد السعيد خشبة |
| 260 |
_a[S.N] : _bلجنة الاعلام والدراسات المستقبلية ، _c1990 |
||
| 300 | _a235 ص | ||
| 490 |
_aموسوعة تكنولوجيا الحاسبات _v0 |
||
| 650 | 0 | 4 | _aالحاسبات الالكترونية |
| 942 |
_2ddc _cBK |
||
| 999 |
_c40817 _d40817 |
||